• 首页
  • 本馆介绍
  • 公告通知
  • 最新文献
  • 馆藏检索
  • 电子资源
  • 读者导购
  • 参考咨询
  • 我的图书馆
  • 登录
  • 详细信息显示
  • 放入我的书架
  • 预约/预借图书
  • 作者相关作品
  • 分类相关作品
  • 丛书相关作品
  • 出版社相关作品

书目信息

  • 表格格式
  • 工作单格式
  • 卡片格式
题名:
空气洁净技术原理
    
 
作者: 许钟麟 著
分册:  
出版信息: 上海   同济大学出版社  1998.4
页数: 548页
开本: 16开
丛书名:
单 册:
中图分类: TU834
科图分类:
主题词: 建筑--空气调节 , 房屋建筑设备:空气调节设备 , 房屋建筑设备:采暖设备 , 建筑--通风 , 房屋建筑设备:通风设备
电子资源:
ISBN: 7-5608-1817-X
000 00700nam0 2200241 45
001 0010300804
005 20031219104047.0
010    @a7-5608-1817-X@dCNY69.00
100    @a20001030d1998 km y0chiy0120 ea
101 0  @achi
105    @a z 000yy
200 1  @a空气洁净技术原理@AKong Qi Jie Jing Ji Shu Yuan Li@f许钟麟著@FXu Zhong Lin Zhu
210    @a上海@c同济大学出版社@d1998.4
215    @a548页@c图@d16开
606 0  @a建筑@x空气调节
606 0  @a房屋建筑设备:空气调节设备
606 0  @a房屋建筑设备:采暖设备
606 0  @a建筑@x通风
606 0  @a房屋建筑设备:通风设备
690    @aTU834@v1
701  0 @a许钟麟@4著
801    @aCN@bTSTC@c20001030
905    @b292049-050@dTU834@e147@f2
    
    空气洁净技术原理/许钟麟著.-上海:同济大学出版社,1998.4
    548页:图;16开
    
    
    ISBN 7-5608-1817-X:CNY69.00
    
●
相关链接 在E读中查询图书 在五车中查询图书 在当当中查询图书 在豆瓣中查询图书


正题名:空气洁净技术原理     索取号:TU834/147         预约/预借

序号 登录号 条形码 馆藏地/架位号 状态 备注
1 0292049   002920496   第三借阅区/ [索取号:TU834/147] 在馆    
2 0292050   002920502   第二样本阅览室/ [索取号:TU834/147] 在馆    
唐山师范学院图书馆 欢迎您!
大连网信软件有限公司© 版权所有